| 000 | 00466nam a22001577a 4500 | ||
|---|---|---|---|
| 005 | 20240423133934.0 | ||
| 008 | 240423b |||||||| |||| 00| 0 eng d | ||
| 041 | _aEnglish | ||
| 082 | _a349 LAW | ||
| 100 | _lEnglish | ||
| 245 | _aThe Reports Law : Queen's Bench Division | ||
| 260 |
_aLondon : _bWilliam Clowes and Sons Ltd, _c1906 |
||
| 300 |
_bxxv, 757 pages ; _c25 cm. |
||
| 650 |
_aLegal practice _bLaw |
||
| 942 |
_cBK _6ALISON_BN_VRIES |
||
| 999 |
_c1561 _d1561 |
||